| 000 | 00479nam a22001817a 4500 | ||
|---|---|---|---|
| 003 | CEME | ||
| 005 | 20210628202958.0 | ||
| 008 | 210126b xxu||||| |||| 00| 0 eng d | ||
| 020 | _a0-387-25949-X | ||
| 040 | _c. | ||
| 082 | _a621.31 PAL | ||
| 100 |
_aPal , Bikash Chaudhuri, Balarko _962688 |
||
| 245 | _aRobust control in power systems | ||
| 260 |
_aNEW YORK _bSPRINGER _c2005 |
||
| 300 | _aXXV,185 P | ||
| 650 |
_aROBUST CONTROL - POWER SYSTEMS _962689 |
||
| 942 |
_cBK _2ddc |
||
| 999 |
_c571720 _d571720 |
||